Paroles : Apéro Vinzou - DJ Matafan - Statistiques

Statistiques générales
  • Ce quiz a été pris 29 fois
    27 depuis la dernière actualisation
  • Le résultat moyen est 204 sur 391
Statistiques - réponses
Réponse % Correct
le
96%
Le
96%
LE
96%
la
92%
l'a
92%
La
92%
LA
92%
À
88%
à
88%
a
88%
C'est
88%
C'EST
88%
c'est
88%
de
88%
vin
88%
VIN
88%
avec
84%
les
84%
boit
80%
BOIT
80%
D'OU CA ???
80%
LALALALALA
80%
LALALALALALAAAAA
80%
LALALALALLALALA
80%
l'apéro
80%
L'apéro
80%
L'APÉRO
80%
LILALALALALALA
80%
ON CHANTE EN COEUR
80%
REFRAIN
80%
REFRAIN 2
80%
sa
80%
saucisson
80%
Sors
80%
sors
80%
SUITEEE :
80%
vinzou
80%
VINZOU
80%
Vinzou
80%
des
76%
DES
76%
On
76%
on
76%
ON
76%
bon,
72%
bon
72%
coups
72%
COUPS
72%
est
72%
y
72%
Y
72%
belle
64%
du
64%
Du
64%
DU
64%
L'opinel
64%
tranches,
64%
planche,
60%
possession
60%
se
60%
SE
60%
ta
60%
abondamment
56%
belles
56%
blanc,
56%
BLANC
56%
en
56%
Je
56%
je
56%
un
56%
Et
52%
Fais-
52%
j'ai
52%
Jai
52%
petit
52%
PETIT
52%
qui
52%
QUI
52%
une
52%
vie
52%
Coupe-
48%
département
48%
DEPARTEMENT
48%
ben
44%
bouteille
44%
BOUTEILLE
44%
dans
44%
débouche
44%
DÉBOUCHE
44%
doigts,
44%
doigts
44%
Oh oh
44%
OH OOOOHH
44%
OOOOH
44%
Oooooooooh
44%
pas
44%
toujours
44%
tous
44%
bien
40%
bouche
40%
déjà
40%
Eh
40%
faim
40%
fait
40%
fourrés
40%
Il
40%
il
40%
j'entends
40%
J'ENTENDS
40%
l'eau
40%
me
40%
pansement
40%
Sébastien
40%
te
40%
va
40%
verre
40%
bons
36%
dégobiller
36%
jus
36%
pomme
36%
qu'est
36%
toi
36%
tout
36%
voilà
36%
ballon
32%
bouchon
32%
coucher
32%
d'eau
32%
deux
32%
d'heure
32%
d'loup.
32%
faire
32%
flot,
32%
frais
32%
malheurs
32%
nos
32%
péter
32%
qu'il
32%
raconte
32%
sens
32%
soleil
32%
soucis
32%
torché
32%
verres
32%
vient
32%
ça
28%
Ca
28%
coule
28%
Elise
28%
Elle
28%
elle
28%
faux
28%
Ils
28%
Jusqu'à
28%
point
28%
qu'elle
28%
sont
28%
très
28%
au
24%
Autour
24%
cœurs
24%
d'un
24%
gaziés
24%
Jolie
24%
joliment
24%
pâté
24%
quand
24%
réchauffe
24%
rempli
24%
sanglier
24%
tomates
24%
apremont
20%
boire
20%
cerises
20%
comme
20%
froid,
20%
fut
20%
jolis
20%
menthe
20%
sers
20%
sers-
20%
suis
20%
botoillon
16%
buvant
16%
chaud
16%
croute
16%
David
16%
donc
16%
femme
16%
J'lui
16%
litres
16%
méritait
16%
moi
16%
quitté
16%
remplir
16%
terrine
16%
train
16%
vide
16%
vrai
16%
Allez
12%
Ambiance
12%
âneries
12%
barriques
12%
bourriques
12%
cerf,
12%
chiffon,
12%
Complètement
12%
délice
12%
extra
12%
fiesta
12%
filtre
12%
fond,
12%
jambon
12%
J'apprécie
12%
joie
12%
l'accordéon
12%
l'heure
12%
marteau,
12%
mélodie
12%
plaisir
12%
prends
12%
réunir
12%
rillettes
12%
sanglot
12%
souris
12%
sue
12%
sûr
12%
touche
12%
bientôt
8%
Cayon
8%
cru
8%
cul
8%
T'as
8%
vais
8%
vu
8%
veine
4%
m'sévir
0%
'tain
0%
Aucun quiz correspondant
Distribution des résultats
% des personnes avec chaque résultat
Percentile par nombre de réponses
Votre historique - résultats
Vous n’avez pas pris ce quiz depuis la dernière actualisation